000 00549 a2200181 4500
003 OSt
005 20231130130947.0
008 231130b |||||||| |||| 00| 0 eng d
020 _a9789355496973
040 _coclc
082 _a894.8123
_bRAJ/K
100 _aRajasree, R
_99963
245 _aKalyaniyennum Dakshyaniyennum Peraya Randu Sthreekalude Katha /
_cR. Rajasree
250 _a23rd ed.
260 _aKozhikode:
_bMathrubhumi Books,
_c2023.
300 _a271p.
942 _2ddc
_cBK
_h894.8123
_iRAJ/K
_k894.8123
_mRAJ/K
999 _c43896
_d43896